| 000 | 00634nam a2200181Ia 4500 | ||
|---|---|---|---|
| 008 | 140609s9999 xx 000 0 und d | ||
| 020 | _a9780240810959 | ||
| 050 |
_aTR 267 _b.R87 2010 |
||
| 100 | _aRussotti, Patti. | ||
| 245 |
_aDigital photography best practices and workflow handbook : _ba guide to staying ahead of the workflow curve / _cPatricia Russotti, Richard Anderson |
||
| 260 |
_aBurlington, MA : _bFocal Press, _cc2010. |
||
| 300 |
_a242 p.: _bill. (chiefly col.) ; _c23 cm. |
||
| 500 | _aIncludes bibliographical references and index. | ||
| 521 | _aMA | ||
| 650 | _aWorkflow. | ||
| 942 |
_kFOR _cBK |
||
| 999 |
_c117913 _d117913 |
||